000
00313nam a2200121 a 4500
005
20141022142000.0
008
090305s19uu xx 00 eng d
050
_a
VHS
_b
C48 2004
245
_a
Circulatory III: Blood Transfusion.
650
_a
VHS.
650
_a
Circulatory III: Blood Transfusion
942
_c
AVM
999
_c
276221
_d
276221